| 000 | 01077nam a2200229Ii 4500 | ||
|---|---|---|---|
| 003 | JO-AjNU | ||
| 008 | 230605s9999||||xx |||||||||||||| ||und|| | ||
| 017 | _a2008/6/1983 | ||
| 020 | _a978-9957-16-429-4 | ||
| 040 |
_aJO-AjNU _bara _erda _cJO-AjNU |
||
| 041 | _aara | ||
| 050 | 1 | 4 | _aKMQ460.U226.2015 |
| 100 | 3 |
_a عبيد، مزهر جعفر , _eauthor _950705 |
|
| 245 | 0 | 0 | _aالوسيط في شرح قانون الإجراءات الجزائية العماني :المبادئ العامة في الإجراءات الجزائية ، الدعاوى الناشئة عن الجريمة ، الإجراءات السابقة على المحاكمة مدعما بأحكام المحكمة العليا |
| 250 | _aط2 | ||
| 264 | 3 | 1 | _aعمان : دار الثقافة ، 2016 |
| 300 |
_a607ص _bيشتمل على مراجع ببلوغرافية ص ( 603 -607 ) |
||
| 336 |
_atext _btxt _2rdacontent |
||
| 337 |
_aunmediated _bn _2rdamedia |
||
| 338 |
_avolume _bnc _2rdacarrier |
||
| 650 | 4 |
_aالقانون الجنائي ، العقوبات -- سلطنة عمان _950706 |
|
| 999 |
_aA22352 _c25920 _d25920 |
||